Wiley international encyclopedia of marketing
Guardado en:
| Otros Autores: | |
|---|---|
| Formato: | Libro |
| Lenguaje: | inglés |
| Publicado: |
Chichester
Wiley
2011
|
| Materias: | |
| Etiquetas: |
Sin Etiquetas, Sea el primero en etiquetar este registro!
|
MARC
| LEADER | 00000nam a2200000 4500 | ||
|---|---|---|---|
| 001 | 0146519 | ||
| 005 | 20240313134500.5 | ||
| 020 | |a 978-1-405-16178-7 | ||
| 041 | 0 | |a eng | |
| 044 | |a GB | ||
| 245 | 1 | 0 | |a Wiley international encyclopedia of marketing |c edited by: Barry L. Bayus |
| 264 | 1 | |a Chichester |b Wiley |c 2011 | |
| 300 | |a 281 s. | ||
| 610 | 2 | 0 | |a produkty |
| 610 | 2 | 0 | |a inovácia |
| 610 | 2 | 0 | |a manažment |
| 610 | 2 | 0 | |a pojmy |
| 610 | 2 | 0 | |a terminológia |
| 700 | 1 | |a Bayus, B.L. | |